Evaluación y propuesta de tratamiento para fuentes de agua en tres Comunidades de la Micro Región I, Municipio de San Lucas, Madriz
Se evaluaron los parámetros físicos, químicos y microbiológicos del agua de tres comunidades (La playa, aguas caliente y tablones) pertenecientes a la Micro Región I del Municipio de San Lucas en el departamento de Madriz al norte de Nicaragua.Para el caso de abastecimiento público el agua req...
| Main Author: | |
|---|---|
| Other Authors: | |
| Format: | Tesis Section = Libro |
| Language: | Undetermined Spanish |
| Published: |
Managua
UNI
2015
|
| Subjects: |
| LEADER | 01418nam a2200277Ia 4500 | ||
|---|---|---|---|
| 008 | 240830s9999 xx 000 0 und d | ||
| 040 | |a CEDOC DACA-RUSB / Mon 628.72 M722 | ||
| 041 | |a spa | ||
| 082 | |a Mon 628.72 M722 | ||
| 100 | 1 | |a Molina Matute, Eder | |
| 245 | 1 | 0 | |a Evaluación y propuesta de tratamiento para fuentes de agua en tres Comunidades de la Micro Región I, Municipio de San Lucas, Madriz |
| 260 | |a Managua |b UNI |c 2015 | ||
| 300 | |a 185 p. : il | ||
| 500 | |a Contiene anexos; incluye CD-ROM | ||
| 502 | |a Tesis (Ingeniero Químico) -UNI, 2015. | ||
| 520 | 3 | |a Se evaluaron los parámetros físicos, químicos y microbiológicos del agua de tres comunidades (La playa, aguas caliente y tablones) pertenecientes a la Micro Región I del Municipio de San Lucas en el departamento de Madriz al norte de Nicaragua.Para el caso de abastecimiento público el agua requiere de un tratamiento de filtración múltiples etapas, debido a que es el más utilizado en las comunidades rurales a causa de su alta eficiencia y bajo costo de construcción, operación y mantenimiento. | |
| 650 | 7 | |a TRATAMIENTO DEL AGUA | |
| 650 | 7 | |b ABASTECIMIENTO DE AGUA | |
| 650 | 7 | |c CALIDAD DEL AGUA-CONTROL | |
| 650 | 7 | |d CONTAMINACION DEL AGUA | |
| 650 | 7 | |e ANALISIS DEL AGUA. | |
| 650 | 7 | |f PURIFICACION DEL AGUA | |
| 700 | 1 | |a Tutor: |b García, Indiana | |
| 942 | |c BK |2 ddc | ||
| 991 | |a TESIS | ||
| 999 | |c 26305 | ||